|
|
|
|
| LEADER |
00688nam a22002172a 4500 |
| 001 |
000476192 |
| 003 |
CZ BrMZK |
| 005 |
20161013134822.0 |
| 007 |
ta |
| 008 |
010907s1890 xr f cze d |
| 015 |
|
|
|a cnb001107898
|
| 035 |
|
|
|a (OCoLC)38615140
|
| 040 |
|
|
|a BOA001
|b cze
|c BOA001
|
| 100 |
1 |
|
|a Sládek, Josef Václav,
|d 1845-1912
|7 jk01111743
|4 aut
|
| 245 |
1 |
0 |
|a Selské písně a české znělky /
|c Josef Václav Sládek
|
| 260 |
|
|
|a V Praze :
|b Otto,
|c 1890
|
| 300 |
|
|
|a 62 s.
|
| 856 |
4 |
1 |
|u http://www.digitalniknihovna.cz/mzk/uuid/uuid:364c12b0-baaa-11e5-b5dc-005056827e51
|y Digitalizovaný dokument
|x NDK
|
| 910 |
|
|
|a BOA001
|b 1-0286.725
|
| 964 |
|
|
|a Bohemika - stol. 19.
|
| 990 |
|
|
|a BK
|